জাতীয় নির্বাচন, ২০১৮: (Record no. 29952)
[ view plain ]
| 000 -LEADER | |
|---|---|
| fixed length control field | 00775nam a22001937a 4500 |
| 003 - CONTROL NUMBER IDENTIFIER | |
| control field | BDDh-ASL |
| 005 - DATE AND TIME OF LATEST TRANSACTION | |
| control field | 20231015031105.0 |
| 008 - FIXED-LENGTH DATA ELEMENTS--GENERAL INFORMATION | |
| fixed length control field | 201121s2020 b ||||| |||| 00| 0 b d |
| 040 ## - CATALOGING SOURCE | |
| Original cataloging agency | BDDh-ASL |
| Transcribing agency | BDDh-ASL |
| 041 ## - LANGUAGE CODE | |
| Language code of text/sound track or separate title | ben |
| 082 ## - DEWEY DECIMAL CLASSIFICATION NUMBER | |
| Classification number | 324 |
| Item number | KHJ |
| 100 1# - MAIN ENTRY--PERSONAL NAME | |
| Personal name | খন্দকার, তৈমূর আলম |
| 9 (RLIN) | 5325 |
| 245 10 - TITLE STATEMENT | |
| Title | জাতীয় নির্বাচন, ২০১৮: |
| Remainder of title | পোস্টমর্টেম / |
| 246 ## - VARYING FORM OF TITLE | |
| Title proper/short title | Jatio Nirbachon 2018: Postmortem |
| 260 ## - PUBLICATION, DISTRIBUTION, ETC. | |
| Place of publication, distribution, etc. | ঢাকা : |
| Name of publisher, distributor, etc. | সাউন্ডবাংলা, |
| Date of publication, distribution, etc. | ২০২০। |
| 300 ## - PHYSICAL DESCRIPTION | |
| Extent | ১১৪ পৃষ্ঠা : |
| Dimensions | ২২ সে. মি. |
| Other physical details | ছবি; |
| 650 #0 - SUBJECT ADDED ENTRY--TOPICAL TERM | |
| Topical term or geographic name entry element | (National Assembly Elections) জাতীয় সংসদ নির্বাচন |
| 9 (RLIN) | 6920 |
| 942 ## - ADDED ENTRY ELEMENTS (KOHA) | |
| Source of classification or shelving scheme | Dewey Decimal Classification |
| Koha item type | Books |
| Withdrawn status | Lost status | Source of classification or shelving scheme | Damaged status | Not for loan | Collection code | Home library | Current library | Shelving location | Date acquired | Source of acquisition | Total Checkouts | Full call number | Barcode | Date last seen | Copy number | Price effective from | Koha item type |
|---|---|---|---|---|---|---|---|---|---|---|---|---|---|---|---|---|---|
| Dewey Decimal Classification | Non-fiction | Asiatic Society Library | Asiatic Society Library | General Stacks | 01/17/2023 | Complementary | 324 KHJ | 118248 | 01/17/2023 | C-1 | 01/17/2023 | Books | |||||
| Dewey Decimal Classification | Non-fiction | Asiatic Society Library | Asiatic Society Library | General Stacks | 03/16/2023 | Complimentary | 324 KHJ | 119681 | 03/16/2023 | C-2 | 03/16/2023 | Books |